000 01284nam a22003617a 4500
003 CHAP
005 20220329134020.0
008 971013s1983 r 00010 d
010 _a14125
011 _a15097
035 _a19171
040 _cCHAP
090 _aTesis
100 0 0 _aHernández Cachou, Luis.
_953873
245 _aEfecto de dos métodos de alimentación sobre la eficiencia de conversión y los incrementos de peso vivo de conejos en crecimiento
260 _aChapingo, Méx :
_bEl Autor,
_c1983
300 _a65 h.
_b: gráfs.
502 _aTesis (Ing. Agrónomo Esp. en Zootecnia) -- UACH. Esp. en Zootecnia
590 _aALEPH
_b10
_c20130110
_lUCH01
_h1235
590 _aBATCH-UPD
_b10
_c20130110
_lUCH01
_h0028
590 _aBATCH-UPD
_b10
_c20130110
_lUCH01
_h0851
590 _aBATCH-UPD
_b10
_c20130409
_lUCH01
_h2010
590 _aBATCH-UPD
_b10
_c20130410
_lUCH01
_h0523
590 _aBATCH-UPD
_b10
_c20130914
_lUCH01
_h1026
590 _aCONVERSION
_b10
_c20130109
_lUCH01
_h1309
650 1 4 _aConejos
_xAlimentación.
_926353
650 1 4 _aConejos
_xPeso.
_926374
901 _aBK
942 _cFOLL
949 _bBC
_cTES
_d-44407
_eTS1
_i19171
_si
949 _bBC
_cTES
_d-44408
_eTS2
_fc.2
_h23268
_i19171
_si
949 _bBC
_cTES
_d-44409
_eTS2
_fc.3
_h23269
_i19171
_si
999 _c14125
_d14125